| 000 | 00672cam a2200253 4500 | ||
|---|---|---|---|
| 001 | 4177753 | ||
| 003 | OSt | ||
| 005 | 20140310181622.0 | ||
| 008 | 730220s1972 nyu 000 0 eng | ||
| 010 | _a 79175423 | ||
| 020 | _a0553280384 | ||
| 040 |
_aDLC _cDLC _dDLC |
||
| 050 | 0 | 0 |
_aHF 5386 _b.M272 1978 |
| 082 | 0 | 0 |
_aHS 158 _bMAN 1987 |
| 100 | 1 |
_aMandino, Og. _99798 |
|
| 245 | 1 | 4 |
_aThe greatest secret in the world / _cOg Mandino. |
| 260 |
_aNew York: _bBantam Books, _cc1972. |
||
| 300 |
_a163 p. : _c22 cm. |
||
| 350 | _a$4.95 | ||
| 650 | 0 |
_aSuccess in business. _9442 |
|
| 906 |
_a7 _bcbc _corignew _d2 _encip _f19 _gy-gencatlg |
||
| 942 |
_2lcc _cHS |
||
| 999 |
_c178 _d178 |
||